000 00443nam a2200181Ia 4500
003 OSt
005 20230524163725.0
008 210423s2001 xx 000 0 und d
040 _cAL
041 _aeng
082 _a304.6
_223
_bRAJF
100 _aRAJ (Hans).
_9113059
245 _aFundamentals of demography.
260 _bSurjeeth Publications
_c2001
365 _b150
_cINR
906 _ademography. ; Fundamentals
942 _2ddc
_cBK
999 _c172969
_d172969